000 00366nam a22001217a 4500
003 SGT
082 _a080
_bR07V
100 _aवैध, मा, गो.
245 _aराष्ट्रीय स्वयंसेवक संघ प्रस्ताव 1950-2007
260 _bसुरुचि प्रकाशन
_c2007
300 _a385
942 _2ddc
_cBK
999 _c31498
_d31498